00532nam a2200181Ia 4500003000900000008004100009020001800050040001600068080001900084100001800103245013300121260003200254300001000286650001400296650001600310650001200326700001200338IN-BaIIA211028s9999 xx 000 0 eng d a0-393-04642-7 cIIA Library a[8]:01:00bWHE aWheeler, J. A 0aGeons, black holes and quantum foamba life in physicscJ. A. Wheeler and K. Ford  aNew YorkbW. W Nortonc1998 a380p. aBiography aBlack holes aPhysics aFord, K